Fr. Conceicao Rodrigues College of Engineering

Low Voltage CMOS VLSI circuits (Record no. 34069)

MARC details
000 -LEADER
fixed length control field 00338nam a2200157Ia 4500
082 ## - DEWEY DECIMAL CLASSIFICATION NUMBER
Classification number 621.395/KUO
Item number KUO
100 ## - MAIN ENTRY--PERSONAL NAME
Personal name Kuo/James B
245 ## - TITLE STATEMENT
Title Low Voltage CMOS VLSI circuits
260 ## - PUBLICATION, DISTRIBUTION, ETC.
Name of publisher, distributor, etc. John wiley and sons
Place of publication, distribution, etc. Mumbai
Date of publication, distribution, etc. 1999
366 ## - TRADE AVAILABILITY INFORMATION
Publishers's discount category 20
300 ## - PHYSICAL DESCRIPTION
Extent 439
546 ## - LANGUAGE NOTE
Language note ENGLISH
650 ## - SUBJECT ADDED ENTRY--TOPICAL TERM
Topical term or geographic name entry element CMOS
654 ## - SUBJECT ADDED ENTRY--FACETED TOPICAL TERMS
Focus term cmos
942 ## - ADDED ENTRY ELEMENTS (KOHA)
Koha item type Reference Book
Holdings
Withdrawn status Lost status Damaged status Not for loan Collection Home library Current library Date acquired Source of acquisition Cost, normal purchase price Inventory number Total Checkouts Full call number Barcode Date last seen Cost, replacement price Price effective from Koha item type
        CRC Fr. Agnel's C.Rodrigues College of Engineering Fr. Agnel's C.Rodrigues College of Engineering 17/03/2023 Milan Book Supplier 4694.40 1353 dt 26/03/2008   621.395/KUO KUO 18708 17/03/2023 5868.00   Reference Book